ბათუმის შოთა რუსთაველის სახელმწიფო უნივერსიტეტის ბიბლიოთეკა

Сборник задач по высшей математике. (ბიბ.ჩანაწერი № 38939)

000 -LEADER
fixed length control field 00739nam a2200229Ia 4500
001 - CONTROL NUMBER
control field 5362
003 - CONTROL NUMBER IDENTIFIER
control field GE_BSU
008 - FIXED-LENGTH DATA ELEMENTS--GENERAL INFORMATION
fixed length control field 181216s||||||||xx |||||||||||||| ||und||
040 ## - CATALOGING SOURCE
Transcribing agency GE_BSU
080 ## - UNIVERSAL DECIMAL CLASSIFICATION NUMBER
Universal Decimal Classification number 517(075.8)
100 ## - MAIN ENTRY--PERSONAL NAME
Personal name Гюнтер Н.М., Кузьмин Р.О.
245 ## - TITLE STATEMENT
Title Сборник задач по высшей математике.
245 ## - TITLE STATEMENT
Remainder of title перер. Учеб. пособие.
245 ## - TITLE STATEMENT
Statement of responsibility, etc. Под ред. С.И. Амосова и Г.Ю. Джанелидзе.
250 ## - EDITION STATEMENT
Edition statement Т.2..изд.13-оеперер.
260 ## - PUBLICATION, DISTRIBUTION, ETC.
Place of publication, distribution, etc. Москва
260 ## - PUBLICATION, DISTRIBUTION, ETC.
Name of publisher, distributor, etc. Госиздат
260 ## - PUBLICATION, DISTRIBUTION, ETC.
Date of publication, distribution, etc. 1958
300 ## - PHYSICAL DESCRIPTION
Extent 286 с. 22 см.
653 ## - INDEX TERM--UNCONTROLLED
Uncontrolled term Сборник задач по высшей математике.
942 ## - ADDED ENTRY ELEMENTS (KOHA)
Koha item type წიგნი
ეგზემპლარები
Withdrawn status Lost status Damaged status Not for loan Date acquired Barcode Date last seen Price effective from Koha item type Public note
        2018-12-17 16323 2018-12-17 2018-12-17 წიგნი დარბაზი